000 00435nam a22001457a 4500
999 _c7742
_d7740
005 20210323161717.0
008 210323b ||||| |||| 00| 0 eng d
082 _a345.408 23
100 _aMANOHAR AND CHITALEY
_96503
245 _aTHE AIR MANUAL CIVIL AND CRIMINAL [CONSTITUTIONOF INDIA ARTICLE 19 TO ARTICLE 225[VOL-10]
260 _aNAGPUR
_bTHE ALL INDIA REPORTER PVT.LTD
300 _a1268,p
650 _aLAW
_95701
942 _cJRL